10 most populous countries of Asia in order - Statistics

General Stats
  • This quiz has been taken 34 times
  • The average score is 8 of 10
Answer Stats
Hint Answer % Correct
#1 China
100%
#2 India
100%
#3 Indonesia
97%
#6 Japan
90%
#4 Pakistan
86%
#5 Bangladesh
83%
#7 Philippines
83%
#8 Vietnam
76%
#10 Iran
69%
#9 Turkey
59%
No matching quizzes found
Score Distribution
Percent of People with Each Score
Percentile by Number Answered
Your Score History
You have not taken this quiz